00772nam a2200181 i 450000100060000000300090000600500170001500700030003200800410003510000330007624501710010926000670028030000210034750000260036885200330039499900170042795201460044460305ES-MaACL20230906164215.0t|031104s1944 ag ||||1| spa d1 aEspejo Solá, Jaime.94780210aEstudio de las modificaciones del metabolismo general y de la secreción de los lípidos, causadas por dietas normal y carente de lípidos / cJaime Espejo Solá. aBuenos Aires : bEl Ateneo, c1944 (fBartolomé U. Chiesino) a85 p. ; c24 cm. aTesis de profesorado. aES-MaACLj1580-F-5 bR.22111 c60305d60305 001040708Colección_de_folletosaATENEOMbATENEOMcDEPOFd2008-01-17eSCl0o1580-F-5p1063250r2023-02-23 00:00:00w2023-02-23yFOLLETOS